Financial liberalization: how far, how Fast? (Record no. 183679)

MARC details
000 -LEADER
fixed length control field 00706nam a2200229Ia 4500
008 - FIXED-LENGTH DATA ELEMENTS--GENERAL INFORMATION
fixed length control field 191130s2001##################000#0#eng##
020 ## - INTERNATIONAL STANDARD BOOK NUMBER
ISBN 9780521030991
082 ## - DEWEY DECIMAL CLASSIFICATION NUMBER
Classification number 332 CAP
245 ## - TITLE STATEMENT
Title Financial liberalization: how far, how Fast?
Statement of responsibility, etc Caprio Gerard Jr. (Editor), Patrick Honohan (Editor), Joseph E. Stiglitz
260 ## - PUBLICATION, DISTRIBUTION, ETC. (IMPRINT)
Place of publication Cambridge
Name of publisher Cambridge University Press
Year of publication 2001
300 ## - PHYSICAL DESCRIPTION
Number of Pages ix, 308 p. 22 cm
500 ## - GENERAL NOTE
General note Includes indexes
650 ## - SUBJECT ADDED ENTRY--TOPICAL TERM
Topical Term Finance
Topical Term Finance -- Management
700 ## - ADDED ENTRY--PERSONAL NAME
Personal name Gerard, Caprio
Personal name Honohan, Patrick
Personal name Stiglitz, Joseph E
991 ## -
-- 141916
Holdings
Withdrawn status Lost status Damaged status Not for loan Home library Current library Shelving location Date acquired Full call number Accession Number Price effective from Koha item type
        Anna Centenary Library Anna Centenary Library 4TH FLOOR, A WING 13.10.2020 332 CAP 101445 13.10.2020 English Books

Find us on the map